LEADER 01285nam0M2200421--I450- 001 990003391850203316 005 20101102122917.0 010 $a9788834895016 035 $a000339185 035 $aUSA01000339185 035 $a(ALEPH)000339185USA01 035 $a000339185 100 $a20100428d2007----km-y0itay50------ba 101 $aita 102 $aIT 105 $a||||||||001yy 200 1 $aAtti di disposizione del proprio corpo$fUmberto Breccia, Alessandro Pizzorusso$ga cura di Roberto Romboli 210 $aPisa$cPlus$dcopyr. 2007 215 $a452 p.$d24 cm 225 0 $aConversazioni in Sapienza$v5 410 0$12001$aConversazioni in Sapienza$v5 454 1$12001 461 1$1001-------$12001 606 0 $aAtti di disposizione del proprio corpo 676 $a344.4504194 700 1$aBRECCIA,$bUmberto$035651 701 1$aPIZZORUSSO,$bAlessandro$0140444 702 1$aROMBOLI,$bRoberto 801 0$aIT$bICCU$gISBD$c20090804 912 $a990003391850203316 951 $aB2 59$bDIRCE 959 $aBK 969 $aDIRCE 979 $aDIRCE$b90$c20100428$lUSA01$h0953 979 $aDIRCE$b90$c20100430$lUSA01$h1409 979 $aDIRCE$b90$c20101102$lUSA01$h1229 996 $aAtti di disposizione del proprio corpo$9770499 997 $aUNISA LEADER 03030nam 2200649Ia 450 001 9910779119703321 005 20230721020752.0 010 $a0-19-175319-X 010 $a1-283-58251-1 010 $a9786613894960 010 $a0-19-155181-3 035 $a(CKB)2550000000105535 035 $a(EBL)975585 035 $a(OCoLC)801363536 035 $a(SSID)ssj0000688440 035 $a(PQKBManifestationID)12289569 035 $a(PQKBTitleCode)TC0000688440 035 $a(PQKBWorkID)10606757 035 $a(PQKB)10373733 035 $a(StDuBDS)EDZ0000109377 035 $a(MiAaPQ)EBC975585 035 $a(Au-PeEL)EBL975585 035 $a(CaPaEBR)ebr10581677 035 $a(CaONFJC)MIL389496 035 $a(MiAaPQ)EBC7033856 035 $a(Au-PeEL)EBL7033856 035 $a(EXLCZ)992550000000105535 100 $a20090528d2009 uy 0 101 0 $aeng 135 $aur|n|---||||| 181 $ctxt 182 $cc 183 $acr 200 00$aDementia care$b[electronic resource] $ea practical manual /$fJonathan Waite ... [et al.] 210 $aOxford ;$aNew York $cOxford University Press$dc2009 215 $a1 online resource (437 p.) 225 1 $aOxford care manuals 300 $aDescription based upon print version of record. 311 $a0-19-922882-5 320 $aIncludes bibliographical references and index. 327 $aContents; Preface; Abbreviations; 1 What is dementia?; 2 Assessment; 3 Delirium; 4 Care; 5 Dementia in the community; 6 Treatment; 7 Care homes for people with dementia; 8 Dementia and delirium in hospitals; 9 'Physical' problems in dementia; 10 Palliative care in dementia; 11 Legal aspects of dementia care; 12 Making decisions; 13 Measurement and rating scales; 14 Issues with particular groups of people; 15 Rarer causes of dementia; 16 Biological aspects of dementia; 17 Prevention; 18 Outcome in dementia; Index; A; B; C; D; E; F; G; H; I; J; K; L; M; N; O; P; Q; R; S; T; U; V; W; X; Y; Z 330 $aDementia can be a distressing condition, for the sufferer, and for families and other carers. Management of dementia is never easy, and involves facing some unpleasant problems and difficult choices. The right approach and expertise can minimise the unpleasantness and make dementia manageable, while inexperienced or inexpert management has the potential to cause unnecessary distress and disability, mis-directed resources, frustrated care staff, unduly long periods spent in hospitaland premature care home placement.Dementia Care is a practical manual for health and social care professionals in 410 0$aOxford care manuals. 606 $aDementia$vHandbooks, manuals, etc 606 $aPsychiatry 615 0$aDementia 615 0$aPsychiatry. 676 $a362.19683 676 $a616.83 701 $aWaite$b Jonathan$01524299 801 0$bMiAaPQ 801 1$bMiAaPQ 801 2$bMiAaPQ 906 $aBOOK 912 $a9910779119703321 996 $aDementia care$93765074 997 $aUNINA